| 000 | 00549pab a2200181 454500 | ||
|---|---|---|---|
| 008 | 180718b2002 xxu||||| |||| 00| 0 eng d | ||
| 100 | _aRamachandran, V.K. | ||
| 245 | _aHow have hired workers fared? A case study of women workers from a Tamil Nadu village, 1977 to 1999 | ||
| 260 | _c2002 | ||
| 300 | _ap.311-25. | ||
| 362 | _aApr-Jun | ||
| 650 | _aWomen workers - India - Tamil Nadu | ||
| 650 | _aWomen workers | ||
| 700 | _aRawal, Vikas | ||
| 700 | _aSwaminathan, Madhura | ||
| 773 | _aIndian Journal of Labour Economics | ||
| 909 | _a55165 | ||
| 999 |
_c55165 _d55165 |
||